000 00574nam a2200169 i 4500
001 48916
003 ES-MaACL
005 20230906161839.0
007 t|
008 030702s1957 sp ||||1| spa d
100 1 _aCordovez Moure, José María.
_940571
245 1 0 _aReminiscencias de Santafé y Bogotá /
_cJosé María Cordovez Moure ; edición, prólogo y notas de Elisa Mújica.
260 _aMadrid :
_bAguilar,
_c1957 (
_fOrbe)
300 _a1600 p., 1 lám. retr. aut. :
_bil. ;
_c18 cm.
700 1 _aMújica, Elisa.
_984088
852 _aES-MaACL
_jC-13477
_bR.41459
999 _c48916
_d48916